| 000 | 00504nam a2200181Ia 4500 | ||
|---|---|---|---|
| 999 |
_c1701 _d1701 |
||
| 003 | OSt | ||
| 005 | 20200930142131.0 | ||
| 008 | 190216s9999||||xx |||||||||||||| ||und|| | ||
| 020 | _a9788121904452 | ||
| 040 | _coclc | ||
| 082 |
_a611 _bRAN/T |
||
| 100 |
_aRanganathan, T S _95229 |
||
| 245 | 0 |
_aA Textbook Of Human Anatomy / _cT S Ranganathan |
|
| 260 |
_bS Chand & Company, _aNew Delhi: _c2006. |
||
| 300 | _a796p | ||
| 650 | _aBotany | ||
| 942 |
_cBK _2ddc _h611 _iRAN/T _k611 _mRAN/T |
||